000
00271nam a2200097Ia 4500
005
20250424112925.0
008
250424s9999 xx 000 0 und d
300
_a
v. , 3107 p. ; 24 cm.
650
_a
Finance--Periodicals. Finance--United States--Periodicals.
942
_c
SR
999
_c
37906
_d
37906